000
00317nam a2200133Ia 4500
005
20260328104309.0
008
260328s9999||||xx |||||||||||||| ||und||
100
_a
Rooje, Van Pepin
245
0
_a
Spacial Packaging /
_c
Van Pepin Rooje
260
_b
Amsterdam
300
_a
437 p.
650
_a
EMPAQUES
942
_c
BK
999
_c
10885
_d
10885